| 000 | 00682nam a22002417a 4500 | ||
|---|---|---|---|
| 001 | 0005871 | ||
| 003 | DO-SdBNP | ||
| 005 | 20240709131221.0 | ||
| 007 | 0005871 | ||
| 008 | 160622b 2009 cl xxu||||| |||| 00| 0 spa d | ||
| 020 | _a9789587048438 | ||
| 040 |
_aBPMSU _bspa _cBPMSU |
||
| 082 | 4 |
_aCo863.44 _bR436d 2009 _222 |
|
| 100 | 1 |
_aRestrepo, Laura _41950- |
|
| 245 | 1 | 0 |
_aDemasiados héroes / _cLaura Restrepo. |
| 260 |
_aBogotá, Colombia : _bAlfaguara, _c2009. |
||
| 300 |
_a260 p. ; _c24 cm. |
||
| 590 | _aInventariado, 2024/VM | ||
| 650 | 4 | _aNovela colombiana | |
| 650 | 4 | _aLiteratura combiana | |
| 910 | _aVMateo V. Control de calidad. BPMSU | ||
| 942 |
_2ddc _cBK |
||
| 999 |
_c10476 _d10476 |
||